[Event "95839 X. Rakosmente Open"]
[Site "Budapest, Hungary"]
[Date "2014.05.31"]
[Round "3.5"]
[White "Keszi, Janos"]
[Black "Somogyi, Gabor"]
[Result "0-1"]
[WhiteElo "2092"]
[BlackElo "1984"]
[PlyCount "118"]
[EventDate "2014.??.??"]

1. d4 Nf6 2. c4 c5 3. d5 b5 4. cxb5 a6 5. bxa6 Bxa6 6. Nc3 g6 7. e4 Bxf1 8.
Kxf1 d6 9. g3 Bg7 10. Kg2 O-O 11. Nf3 Nbd7 12. Qe2 Qc7 13. Rd1 Rfb8 14. h3 Rb7
15. Bg5 h6 16. Bf4 Nh5 17. Be3 Rab8 18. Bc1 Qa5 19. g4 Rxb2 20. Qe3 Rc2 21.
gxh5 Qxc3 22. Qxc3 Bxc3 23. Bxh6 Bxa1 24. Rxa1 Rbb2 25. Be3 Rxa2 26. Rg1 Nf6
27. hxg6 Nxe4 28. gxf7+ Kxf7 29. Rf1 Re2 30. Kg1 Nc3 31. h4 Nxd5 32. Bg5 Nf6
33. Kg2 Ng4 34. Kg3 Rxf2 35. Re1 Nf6 36. Be3 Rg2+ 37. Kh3 Rae2 38. Ng5+ Ke8 39.
Rxe2 Rxe2 40. Bf4 c4 41. Nf3 c3 42. Bg5 Kf7 43. Nd4 Rb2 44. Bc1 Ra2 45. Kg3 Ra4
46. Ne2 Rc4 47. Nf4 d5 48. h5 d4 49. h6 e5 50. Nd3 Ke6 51. Nf2 e4 52. Bg5 c2
53. Bc1 e3 54. Nd3 Rc3 55. Nf4+ Kf7 56. Ne2 d3 57. Nxc3 d2 58. Ne2 d1=Q 59. Kf3
Nd5 0-1

[Event "95839 X. Rakosmente Open"]
[Site "Budapest, Hungary"]
[Date "2014.05.31"]
[Round "3.6"]
[White "Daroczy, Sandor"]
[Black "Wirth, Adam"]
[Result "1/2-1/2"]
[WhiteElo "1924"]
[BlackElo "1913"]
[PlyCount "35"]
[EventDate "2014.??.??"]

1. d4 Nf6 2. c4 c5 3. d5 b5 4. cxb5 a6 5. bxa6 Bxa6 6. Nc3 d6 7. g3 g6 8. Bg2
Bg7 9. Nf3 O-O 10. O-O Nbd7 11. Re1 Qa5 12. Nd2 Rfb8 13. Qc2 Ne5 14. h3 Ra7 15.
f4 Ned7 16. e4 Nh5 17. Kh2 c4 18. Nf3 1/2-1/2

[Event "95839 X. Rakosmente Open"]
[Site "Budapest, Hungary"]
[Date "2014.05.31"]
[Round "3.7"]
[White "Pozsonyi, Istvan"]
[Black "Firnigel, Janos"]
[Result "0-1"]
[WhiteElo "2016"]
[BlackElo "1733"]
[PlyCount "74"]
[EventDate "2014.??.??"]

1. c4 Nf6 2. Nc3 e6 3. e4 d6 4. d4 Nbd7 5. Be2 c5 6. Nf3 Qc7 7. O-O Be7 8. h3
b6 9. Be3 Bb7 10. d5 e5 11. g3 Nf8 12. Nh4 Bc8 13. Kg2 h6 14. a3 Qd7 15. Rh1
Qd8 16. b4 g5 17. Nf5 Bxf5 18. exf5 N8d7 19. g4 a5 20. Qb3 axb4 21. axb4 Rxa1
22. Rxa1 h5 23. Ra7 hxg4 24. hxg4 O-O 25. Bxg5 Nxd5 26. Bxe7 Nf4+ 27. Kf3 Qxe7
28. Ne4 f6 29. bxc5 bxc5 30. Qb7 Rd8 31. Qxd7 Rxd7 32. Rxd7 Qf8 33. Rxd6 Qa8
34. Ke3 Qa3+ 35. Bd3 Qc1+ 36. Kf3 Nxd3 37. Rxd3 Qf4+ 0-1

[Event "95839 X. Rakosmente Open"]
[Site "Budapest, Hungary"]
[Date "2014.05.31"]
[Round "3.8"]
[White "Fodor, Balazs"]
[Black "Csomor, Gabor"]
[Result "1-0"]
[WhiteElo "1899"]
[BlackElo "1714"]
[PlyCount "85"]
[EventDate "2014.??.??"]

1. d4 d5 2. c4 c6 3. Nc3 Nf6 4. Nf3 Bg4 5. Ne5 Bh5 6. Qb3 Qb6 7. Bf4 e6 8. e3
Qxb3 9. axb3 Nbd7 10. Bd3 Bb4 11. Kd2 Bg6 12. f3 Bxd3 13. Nxd3 Bxc3+ 14. bxc3
dxc4 15. bxc4 O-O 16. Rhb1 b6 17. Ra6 Nh5 18. Bd6 Rfd8 19. Rba1 Nb8 20. Bxb8
Raxb8 21. Rxa7 Nf6 22. Rc7 Rdc8 23. Raa7 Rxc7 24. Rxc7 c5 25. dxc5 bxc5 26.
Nxc5 Kf8 27. Nd7+ Nxd7 28. Rxd7 Rb2+ 29. Kd3 Ke8 30. Ra7 Rxg2 31. c5 Rg5 32.
Kc4 f6 33. Kb5 f5 34. Kb6 e5 35. c6 Rg6 36. Kb7 Rd6 37. Ra8+ Ke7 38. c7 Rd7 39.
Kb6 Rd6+ 40. Kc5 Rd3 41. c4 f4 42. c8=Q fxe3 43. Qf8+ 1-0

[Event "95839 X. Rakosmente Open"]
[Site "Budapest, Hungary"]
[Date "2014.05.31"]
[Round "3.9"]
[White "Filep, Gyorgy Dr"]
[Black "Szendeff, Miklos"]
[Result "0-1"]
[WhiteElo "1494"]
[BlackElo "1869"]
[PlyCount "63"]
[EventDate "2014.??.??"]

1. e4 g6 2. d4 Bg7 3. f4 d6 4. Nf3 Nf6 5. Nc3 b6 6. Bb5+ c6 7. Bd3 Ba6 8. Bxa6
Nxa6 9. Qe2 Nc7 10. Bd2 O-O 11. O-O b5 12. a3 a5 13. Na2 d5 14. e5 Ne4 15. Ng5
Nxd2 16. Qxd2 h6 17. Nf3 Qd7 18. Rad1 Qf5 19. Nc1 Rfc8 20. Nb3 Ne6 21. Nh4 Qg4
22. Qf2 Qxf4 23. Qxf4 Nxf4 24. Rxf4 g5 25. Rg4 gxh4 26. Nc5 Kh7 27. Rd3 Rg8 28.
Rf4 Kg6 29. Rxh4 e6 30. Rg3+ Kh7 31. Rh5 Ra7 32. Rg4 0-1

[Event "95839 X. Rakosmente Open"]
[Site "Budapest, Hungary"]
[Date "2014.05.31"]
[Round "3.10"]
[White "Safar, Istvan"]
[Black "Yip, Michael"]
[Result "0-1"]
[WhiteElo "1728"]
[BlackElo "1925"]
[PlyCount "70"]
[EventDate "2014.??.??"]

1. d4 Nf6 2. g3 e6 3. Bg2 d5 4. Nf3 Be7 5. O-O O-O 6. Re1 c6 7. Bg5 Nbd7 8.
Nbd2 h6 9. Bxf6 Nxf6 10. c3 b6 11. Ne5 Bb7 12. e4 dxe4 13. Nxe4 Qc7 14. Nxf6+
Bxf6 15. Ng4 Be7 16. Qb3 Rad8 17. Rad1 c5 18. Bxb7 Qxb7 19. Re2 Qf3 20. Nxh6+
gxh6 21. Red2 cxd4 22. Rd3 Qf5 23. cxd4 Qd5 24. Qa4 Rd7 25. a3 Rfd8 26. Qc2 Bf6
27. Qd2 Qg5 28. f4 Qg7 29. Qg2 Rd5 30. g4 Bxd4+ 31. Kh1 Qf6 32. Qg3 e5 33. fxe5
Bxe5 34. Qe3 Rxd3 35. Rxd3 Qf1+ 0-1

[Event "95839 X. Rakosmente Open"]
[Site "Budapest, Hungary"]
[Date "2014.05.31"]
[Round "3.11"]
[White "Horvath, Csaba"]
[Black "Kovacsy, Barnabas"]
[Result "1-0"]
[WhiteElo "1845"]
[BlackElo "1646"]
[PlyCount "53"]
[EventDate "2014.??.??"]

1. e4 c5 2. Nf3 e6 3. d4 cxd4 4. Nxd4 Nc6 5. c4 Nf6 6. Nc3 Bb4 7. Nxc6 bxc6 8.
Bd3 d5 9. cxd5 cxd5 10. Qa4+ Bd7 11. Qxb4 Rb8 12. Qd4 Qa5 13. exd5 Rb4 14. Qe5
Qb6 15. dxe6 Bxe6 16. Bb5+ Kf8 17. Be3 Rxb5 18. Qxb5 Qxb5 19. Nxb5 Ng4 20. Bc5+
Ke8 21. O-O-O f6 22. Rhe1 Kf7 23. Nd6+ Kg6 24. Rxe6 Ne5 25. f4 Nd7 26. Rd5 Nxc5
27. Rg5+ 1-0

[Event "95839 X. Rakosmente Open"]
[Site "Budapest, Hungary"]
[Date "2014.05.31"]
[Round "3.13"]
[White "Czimer, Jozsef"]
[Black "Csiki, Endre"]
[Result "0-1"]
[WhiteElo "1680"]
[BlackElo "1532"]
[PlyCount "92"]
[EventDate "2014.??.??"]

1. e4 c5 2. d4 cxd4 3. c3 Nf6 4. e5 Nd5 5. cxd4 d6 6. f4 Nc6 7. Nf3 Bf5 8. Nc3
Ndb4 9. Be3 Nc2+ 10. Kf2 Nxa1 11. Qxa1 e6 12. a3 Be7 13. g3 O-O 14. h3 h6 15.
Kg2 a6 16. g4 Bh7 17. Be2 Qc7 18. Rc1 Qd7 19. b4 b5 20. Rd1 Rfc8 21. Qb2 Rc7
22. Ne1 Rac8 23. Bf3 Bh4 24. Nd3 Nd8 25. Ne2 Rc2 26. Qb3 R8c3 27. Qxc3 Rxc3 28.
Nxc3 Qc7 29. Rc1 Bxd3 30. Ne4 Qd7 31. Nxd6 Be7 32. Nc8 Kh7 33. Rc3 Bc4 34. Nb6
Qc7 35. Nxc4 bxc4 36. Be2 a5 37. Rxc4 Qb7+ 38. Bf3 Qb5 39. Rc8 axb4 40. axb4
Qxb4 41. Be4+ g6 42. f5 exf5 43. gxf5 Qe1 44. fxg6+ Kg7 45. Rxd8 Bxd8 46. Bxh6+
Kxh6 0-1

[Event "95839 X. Rakosmente Open"]
[Site "Budapest, Hungary"]
[Date "2014.05.31"]
[Round "3.14"]
[White "Lakatos, Tamas"]
[Black "Dawud, Savannah Rose"]
[Result "1-0"]
[WhiteElo "1581"]
[BlackElo "1224"]
[PlyCount "103"]
[EventDate "2014.??.??"]

1. e4 e5 2. Nf3 Nc6 3. Bb5 Bc5 4. Bxc6 dxc6 5. O-O Qe7 6. d3 Nf6 7. Bg5 O-O 8.
Nbd2 Bb6 9. Qe1 h6 10. Bxf6 Qxf6 11. Nc4 Re8 12. Qc3 Bd4 13. Nxd4 exd4 14. Qe1
Qg6 15. f3 c5 16. a4 Be6 17. Nd2 Rad8 18. f4 f5 19. Qg3 Qxg3 20. hxg3 fxe4 21.
Nxe4 b6 22. f5 Bd5 23. f6 Kf8 24. fxg7+ Kxg7 25. Nf6 Re2 26. Nh5+ Kh8 27. Rf2
Rxf2 28. Kxf2 Rf8+ 29. Kg1 Rf5 30. Nf4 Bc6 31. b3 Rg5 32. Kh2 h5 33. Re1 Rg7
34. Re6 Bb7 35. Nxh5 Rf7 36. Nf4 Rh7+ 37. Kg1 Rg7 38. Kf2 Rf7 39. Re7 Kg8 40.
Rxf7 Kxf7 41. g4 Kf6 42. Kg3 Bc8 43. Kh4 c6 44. g5+ Ke5 45. g3 Kd6 46. g6 Ke7
47. g4 Kf8 48. Kg5 a5 49. Kh6 Bxg4 50. g7+ Kg8 51. Ng6 Kf7 52. Kh7 1-0

[Event "95839 X. Rakosmente Open"]
[Site "Budapest, Hungary"]
[Date "2014.05.31"]
[Round "4.2"]
[White "Repasi, Zoltan Sr"]
[Black "Bodrogi, Laszlo"]
[Result "1/2-1/2"]
[WhiteElo "2128"]
[BlackElo "1955"]
[PlyCount "29"]
[EventDate "2014.??.??"]

1. d4 e6 2. c4 Nf6 3. g3 c5 4. d5 exd5 5. cxd5 b5 6. Bg2 Bb7 7. Nh3 d6 8. O-O
Nbd7 9. b3 g6 10. Bb2 Bg7 11. e4 O-O 12. Nd2 Re8 13. Rb1 Qc7 14. f3 Rac8 15.
Nf2 1/2-1/2

[Event "95839 X. Rakosmente Open"]
[Site "Budapest, Hungary"]
[Date "2014.05.31"]
[Round "4.3"]
[White "Somogyi, Gabor"]
[Black "Torok, Tamas Titusz"]
[Result "1/2-1/2"]
[WhiteElo "1984"]
[BlackElo "2091"]
[PlyCount "48"]
[EventDate "2014.??.??"]

1. d4 d5 2. Nf3 Nc6 3. g3 Bg4 4. Bg2 e6 5. O-O Nf6 6. Nbd2 Be7 7. Re1 O-O 8. c3
h6 9. e4 dxe4 10. Nxe4 Nxe4 11. Rxe4 Bf5 12. Re1 Bf6 13. Bf4 g5 14. Be3 Bg7 15.
Nd2 Qd7 16. Ne4 Bxe4 17. Bxe4 Rab8 18. f4 g4 19. Qxg4 f5 20. Bxc6 Qxc6 21. Qe2
b5 22. Bf2 Rfe8 23. a3 Kh7 24. Qd3 Bf6 1/2-1/2

[Event "95839 X. Rakosmente Open"]
[Site "Budapest, Hungary"]
[Date "2014.05.31"]
[Round "4.4"]
[White "Molnar, Laszlo"]
[Black "Szoukup, Helga"]
[Result "1-0"]
[WhiteElo "2070"]
[BlackElo "1844"]
[PlyCount "97"]
[EventDate "2014.??.??"]

1. e4 c6 2. d4 d5 3. Nc3 dxe4 4. Nxe4 Nd7 5. Bc4 e6 6. Nf3 Ngf6 7. Nxf6+ Nxf6
8. O-O Bd6 9. Bg5 Qc7 10. Qe2 Nd5 11. Rad1 h6 12. Bc1 f6 13. Rfe1 Bd7 14. Bd3
O-O-O 15. c4 Nf4 16. Bxf4 Bxf4 17. b4 g5 18. g3 Bd6 19. c5 Bf8 20. a4 g4 21.
Nd2 h5 22. b5 f5 23. Nc4 h4 24. b6 axb6 25. Nxb6+ Kb8 26. Qd2 hxg3 27. fxg3 Bc8
28. Qa5 Qh7 29. Re2 Bg7 30. d5 Bd4+ 31. Kh1 exd5 32. Rf1 Be6 33. Qb4 Qh3 34.
Rb1 Qxg3 35. Qxd4 Qf3+ 36. Rg2 Ka7 37. Be2 Qe4 38. Rd1 Qxd4 39. Rxd4 Rh3 40.
Rg3 Rdh8 41. Rxh3 Rxh3 42. Rd3 Rh7 43. Re3 Rh6 44. Kg1 f4 45. Re5 f3 46. Bd3
Rf6 47. Kf1 Rh6 48. Bf5 Bxf5 49. Re8 1-0

[Event "95839 X. Rakosmente Open"]
[Site "Budapest, Hungary"]
[Date "2014.05.31"]
[Round "4.5"]
[White "Szoukup, Istvan"]
[Black "Daroczy, Sandor"]
[Result "0-1"]
[WhiteElo "1792"]
[BlackElo "1924"]
[PlyCount "70"]
[EventDate "2014.??.??"]

1. e4 e5 2. Nf3 Nc6 3. Bb5 a6 4. Ba4 Nf6 5. O-O Be7 6. Re1 b5 7. Bb3 d6 8. c3
O-O 9. h3 Na5 10. Bc2 c5 11. d4 Qc7 12. Nbd2 cxd4 13. cxd4 Nc6 14. d5 Nb4 15.
Bb1 a5 16. a3 Na6 17. Nf1 Bd7 18. Ng3 Rfc8 19. Bd3 Nc5 20. Bf1 b4 21. axb4 axb4
22. Bg5 Rxa1 23. Qxa1 Qd8 24. Nd2 Nxd5 25. Bxe7 Nxe7 26. Nc4 Be6 27. Rd1 Nb3
28. Qa6 Nd4 29. Qxd6 Bxc4 30. Qxd8+ Rxd8 31. Bxc4 Nf3+ 32. gxf3 Rxd1+ 33. Kg2
Ng6 34. Nh5 Nh4+ 35. Kg3 Rg1+ 0-1

[Event "95839 X. Rakosmente Open"]
[Site "Budapest, Hungary"]
[Date "2014.05.31"]
[Round "4.6"]
[White "Csiki, Endre"]
[Black "Szendeff, Miklos"]
[Result "0-1"]
[WhiteElo "1532"]
[BlackElo "1869"]
[PlyCount "92"]
[EventDate "2014.??.??"]

1. d4 g6 2. Bf4 Bg7 3. e3 Nf6 4. Nf3 d5 5. Bd3 Nbd7 6. O-O c5 7. c3 O-O 8. Nbd2
a5 9. a4 c4 10. Bc2 Nb6 11. Qe2 Bd7 12. h3 Qc8 13. Ne5 Bf5 14. Bxf5 Qxf5 15.
Bh2 Qc2 16. g4 Ra6 17. Rfc1 Qxb2 18. Rab1 Qa3 19. Ra1 Qxc1+ 20. Rxc1 Nxa4 21.
e4 e6 22. h4 b5 23. h5 b4 24. Nb1 Nxe4 25. Nxc4 Naxc3 26. Nxc3 Nxc3 27. Qd3
dxc4 28. Qxc4 Raa8 29. Kf1 Rfc8 30. Qd3 Rd8 31. Qf3 Bxd4 32. Bf4 e5 33. Bg5 e4
34. Qf4 Re8 35. Bf6 Nd5 36. Qd6 Nxf6 37. Qxd4 Nxg4 38. Qd2 e3 39. fxe3 Rad8 40.
Qe2 Nxe3+ 41. Kg1 Rd5 42. h6 Rg5+ 43. Kf2 Rg2+ 44. Kf3 Rxe2 45. Kxe2 Ng4+ 46.
Kf3 Nxh6 0-1

[Event "95839 X. Rakosmente Open"]
[Site "Budapest, Hungary"]
[Date "2014.05.31"]
[Round "4.8"]
[White "Yip, Michael"]
[Black "Horvath, Csaba"]
[Result "1/2-1/2"]
[WhiteElo "1925"]
[BlackElo "1845"]
[PlyCount "83"]
[EventDate "2014.??.??"]

1. d4 d5 2. c4 c6 3. Nf3 Nf6 4. Nc3 dxc4 5. a4 Bf5 6. e3 e6 7. Bxc4 Bb4 8. O-O
Nbd7 9. Qe2 Qa5 10. e4 Bg4 11. e5 Bxc3 12. bxc3 Nd5 13. Bd2 Qc7 14. Bd3 a5 15.
Rfb1 Ne7 16. Be4 Ra6 17. Qd3 Bf5 18. c4 Rb6 19. Rxb6 Qxb6 20. Rb1 Qa6 21. Bxf5
Nxf5 22. Bc3 Nb6 23. Nd2 Nxa4 24. Ba1 O-O 25. Qb3 b5 26. cxb5 cxb5 27. Qxb5
Qxb5 28. Rxb5 h6 29. Rxa5 Nb6 30. Kf1 Rc8 31. Rc5 Ra8 32. Rc1 Ra2 33. Nf3 Nd5
34. Re1 Nb4 35. Bc3 Nd5 36. Ba1 Nb4 37. Rd1 Nc2 38. Bc3 Nce3+ 39. fxe3 Nxe3+
40. Ke1 Nxg2+ 41. Kf1 Ne3+ 42. Ke1 1/2-1/2

[Event "95839 X. Rakosmente Open"]
[Site "Budapest, Hungary"]
[Date "2014.05.31"]
[Round "4.10"]
[White "Makrai, Bence"]
[Black "Pozsonyi, Istvan"]
[Result "0-1"]
[WhiteElo "1461"]
[BlackElo "2016"]
[PlyCount "24"]
[EventDate "2014.??.??"]

1. e4 Nc6 2. c4 e5 3. Nf3 Nf6 4. Nc3 Bc5 5. a3 a5 6. b3 Ng4 7. d4 Nxd4 8. Nxd4
Bxd4 9. Qc2 Nxf2 10. Bb2 Nxh1 11. O-O-O Nf2 12. Re1 Ng4 0-1

[Event "95839 X. Rakosmente Open"]
[Site "Budapest, Hungary"]
[Date "2014.05.31"]
[Round "4.13"]
[White "Csomor, Gabor"]
[Black "Filep, Gyorgy Dr"]
[Result "1-0"]
[WhiteElo "1714"]
[BlackElo "1494"]
[PlyCount "27"]
[EventDate "2014.??.??"]

1. c4 Nf6 2. Nf3 d5 3. cxd5 Nxd5 4. Nc3 e6 5. g3 Nc6 6. Bg2 Nxc3 7. bxc3 Bd6 8.
O-O O-O 9. a4 Qe7 10. d3 e5 11. Nd2 Be6 12. Ne4 f5 13. Nxd6 Qxd6 14. Ba3 1-0

[Event "95839 X. Rakosmente Open"]
[Site "Budapest, Hungary"]
[Date "2014.05.31"]
[Round "4.14"]
[White "Dawud, Savannah Rose"]
[Black "Szoukup, Istvan Jr"]
[Result "1-0"]
[WhiteElo "1224"]
[BlackElo "1096"]
[PlyCount "35"]
[EventDate "2014.??.??"]

1. e4 e5 2. Nf3 Nc6 3. Bc4 Be7 4. c3 Nf6 5. d3 Bc5 6. O-O b6 7. Nbd2 Bb7 8. h3
O-O 9. Re1 Re8 10. Bb3 d6 11. Nf1 Qd7 12. Ng3 h6 13. a3 d5 14. d4 exd4 15. e5
Ne4 16. Nxe4 dxe4 17. Rxe4 dxc3 18. Qxd7 1-0

[Event "95839 X. Rakosmente Open"]
[Site "Budapest, Hungary"]
[Date "2014.06.01"]
[Round "5.1"]
[White "Bodrogi, Laszlo"]
[Black "Mihok, Laszlo"]
[Result "1-0"]
[WhiteElo "1955"]
[BlackElo "2078"]
[PlyCount "49"]
[EventDate "2014.??.??"]

1. d4 d5 2. c4 c6 3. Nc3 Nf6 4. Bg5 Ne4 5. Nxe4 dxe4 6. Qd2 Bf5 7. e3 h6 8. Bh4
g5 9. Bg3 Bg7 10. Ne2 c5 11. Rd1 O-O 12. f3 Nc6 13. fxe4 Bxe4 14. Nc3 Bg6 15.
d5 Ne5 16. Be2 Qa5 17. O-O a6 18. h4 Qb4 19. hxg5 hxg5 20. e4 Nxc4 21. Bxc4
Qxc4 22. Qxg5 b5 23. d6 e6 24. e5 Kh7 25. Rf4 1-0

[Event "95839 X. Rakosmente Open"]
[Site "Budapest, Hungary"]
[Date "2014.06.01"]
[Round "5.2"]
[White "Kovacs, Marton"]
[Black "Somogyi, Gabor"]
[Result "1/2-1/2"]
[WhiteElo "2141"]
[BlackElo "1984"]
[PlyCount "54"]
[EventDate "2014.??.??"]

1. d4 d5 2. c4 c6 3. Nc3 Nf6 4. Nf3 e6 5. e3 Be7 6. Qc2 O-O 7. b3 Nbd7 8. Bd3
h6 9. Bb2 Re8 10. Qe2 c5 11. O-O b6 12. e4 dxe4 13. Nxe4 Bb7 14. dxc5 Nxe4 15.
Bxe4 Bxe4 16. Qxe4 Nxc5 17. Qg4 Bf6 18. Rad1 Qe7 19. Ne5 Bxe5 20. Bxe5 Qg5 21.
Qxg5 hxg5 22. b4 Na6 23. a3 Red8 24. c5 f6 25. Bd6 Rac8 26. Rc1 bxc5 27. bxc5
Rc6 1/2-1/2

[Event "95839 X. Rakosmente Open"]
[Site "Budapest, Hungary"]
[Date "2014.06.01"]
[Round "5.3"]
[White "Fodor, Balazs"]
[Black "Repasi, Zoltan Sr"]
[Result "1-0"]
[WhiteElo "1899"]
[BlackElo "2128"]
[PlyCount "51"]
[EventDate "2014.??.??"]

1. d4 Nf6 2. c4 e6 3. Nc3 b6 4. Bg5 Bb7 5. Qc2 Bb4 6. e3 h6 7. Bh4 g5 8. Bg3
Ne4 9. a3 Bxc3+ 10. bxc3 d6 11. Nf3 Nd7 12. Bd3 f5 13. d5 exd5 14. cxd5 Bxd5
15. Nd4 Qf6 16. f3 Nxg3 17. hxg3 f4 18. Be4 Qe5 19. Bxd5 Qxd5 20. Qg6+ Kd8 21.
gxf4 gxf4 22. Rxh6 Rxh6 23. Qxh6 c5 24. Ne6+ Kc8 25. Qh8+ Kb7 26. Qxa8+ 1-0

[Event "95839 X. Rakosmente Open"]
[Site "Budapest, Hungary"]
[Date "2014.06.01"]
[Round "5.4"]
[White "Daroczy, Sandor"]
[Black "Molnar, Laszlo"]
[Result "1/2-1/2"]
[WhiteElo "1924"]
[BlackElo "2070"]
[PlyCount "51"]
[EventDate "2014.??.??"]

1. e4 Nf6 2. e5 Nd5 3. d4 d6 4. Nf3 dxe5 5. dxe5 Bg4 6. c4 Nb6 7. Qxd8+ Kxd8 8.
Ng5 Ke8 9. Nc3 h6 10. Nge4 Nc6 11. f3 Be6 12. c5 Nd7 13. f4 f5 14. Ng3 Nb4 15.
Nb5 Kd8 16. Nd4 Nxc5 17. Bd2 Nbd3+ 18. Bxd3 Nxd3+ 19. Kd1 Bd5 20. Kc2 Nf2 21.
Rhf1 Ne4 22. Ngxf5 Nxd2 23. Kxd2 e6 24. Ne3 Bb4+ 25. Kd3 Ke7 26. Rac1 1/2-1/2

[Event "95839 X. Rakosmente Open"]
[Site "Budapest, Hungary"]
[Date "2014.06.01"]
[Round "5.5"]
[White "Szendeff, Miklos"]
[Black "Yip, Michael"]
[Result "1-0"]
[WhiteElo "1869"]
[BlackElo "1925"]
[PlyCount "97"]
[EventDate "2014.??.??"]

1. e4 d5 2. exd5 Qxd5 3. d4 c6 4. c4 Qd8 5. Nc3 Nf6 6. Be2 g6 7. Bg5 Bg7 8. Qd2
h6 9. Be3 Nbd7 10. h3 Nb6 11. Nf3 Be6 12. b3 Bf5 13. Rd1 g5 14. Ne5 Ne4 15.
Nxe4 Bxe4 16. Bf3 Bxf3 17. Nxf3 O-O 18. h4 g4 19. Bxh6 Qd7 20. Bxg7 gxf3 21.
Qh6 f6 22. Bxf8 Qe6+ 23. Qe3 Qxe3+ 24. fxe3 fxg2 25. Rg1 Rxf8 26. Rxg2+ Kf7 27.
Ke2 Rh8 28. Rh1 Rh5 29. Kf3 Nd7 30. b4 Nf8 31. Kg4 Kg6 32. e4 Ne6 33. d5 cxd5
34. cxd5 Ng7 35. Kf3+ Kf7 36. Rc2 Ne8 37. a4 Re5 38. h5 Kg7 39. h6+ Kh7 40. b5
Nd6 41. Rg2 Ne8 42. Kf4 a6 43. bxa6 bxa6 44. a5 e6 45. d6 Nxd6 46. Rg7+ Kh8 47.
h7 Rxe4+ 48. Kf3 Re3+ 49. Kf2 1-0

[Event "95839 X. Rakosmente Open"]
[Site "Budapest, Hungary"]
[Date "2014.06.01"]
[Round "5.6"]
[White "Wirth, Adam"]
[Black "Horvath, Csaba"]
[Result "1-0"]
[WhiteElo "1913"]
[BlackElo "1845"]
[PlyCount "75"]
[EventDate "2014.??.??"]

1. e4 c5 2. Nf3 e6 3. c4 a6 4. Nc3 Nc6 5. d4 cxd4 6. Nxd4 Qc7 7. Be2 Nf6 8. Be3
Bb4 9. Qc2 Qe5 10. Nxc6 bxc6 11. Bf3 O-O 12. O-O d5 13. exd5 exd5 14. Ne2 Bf5
15. Qa4 a5 16. Bd4 Qd6 17. Rfd1 Ng4 18. Ng3 Bd7 19. c5 Qf4 20. Qc2 a4 21. a3
Ba5 22. Be2 h5 23. h3 h4 24. Bxg4 Bxg4 25. hxg4 hxg3 26. Be3 gxf2+ 27. Bxf2
Rfe8 28. Rd4 Qf6 29. Rf1 Re1 30. Qd3 Rxf1+ 31. Kxf1 Re8 32. Kg1 Be1 33. Be3 Qh4
34. g5 Qg3 35. Bf4 Qf2+ 36. Kh2 Qh4+ 37. Qh3 Qxh3+ 38. gxh3 1-0

[Event "95839 X. Rakosmente Open"]
[Site "Budapest, Hungary"]
[Date "2014.06.01"]
[Round "5.7"]
[White "Torok, Tamas Titusz"]
[Black "Szoukup, Istvan"]
[Result "1-0"]
[WhiteElo "2091"]
[BlackElo "1792"]
[PlyCount "49"]
[EventDate "2014.??.??"]

1. e4 e5 2. Nf3 Nc6 3. c3 Bd6 4. d4 Nf6 5. Bd3 O-O 6. O-O Re8 7. d5 Ne7 8. c4
c6 9. Nc3 cxd5 10. cxd5 Nexd5 11. Nxd5 Nxd5 12. exd5 e4 13. Ng5 exd3 14. Qh5 h6
15. Nxf7 Qf6 16. Nxh6+ Kf8 17. Nf5 Bc5 18. Bg5 Qxb2 19. Qh8+ Kf7 20. Nh6+ Kg6
21. Qxe8+ Kxg5 22. Nf7+ Kf6 23. Nh8 Qb6 24. Rae1 Qe6 25. dxe6 1-0

[Event "95839 X. Rakosmente Open"]
[Site "Budapest, Hungary"]
[Date "2014.06.01"]
[Round "5.8"]
[White "Keszi, Janos"]
[Black "Kovacsy, Barnabas"]
[Result "1-0"]
[WhiteElo "2092"]
[BlackElo "1646"]
[PlyCount "55"]
[EventDate "2014.??.??"]

1. d4 Nf6 2. Nf3 g6 3. Bg5 Bg7 4. Nbd2 d5 5. e3 O-O 6. Bd3 b6 7. Ne5 Bb7 8. Qf3
Nbd7 9. Bxf6 exf6 10. Nxd7 Qxd7 11. g4 c5 12. c3 Rae8 13. O-O-O Bc6 14. h4 Bb5
15. Bxb5 Qxb5 16. Qxd5 Qe2 17. Qf3 Qa6 18. Kb1 cxd4 19. cxd4 Rc8 20. Nb3 Rc4
21. Rc1 Ra4 22. a3 Qb5 23. Rc3 Qa6 24. Rhc1 Re8 25. Qc6 Rf8 26. Ka2 Rd8 27. Rc4
Rxc4 28. Rxc4 1-0

[Event "95839 X. Rakosmente Open"]
[Site "Budapest, Hungary"]
[Date "2014.06.01"]
[Round "5.9"]
[White "Szoukup, Helga"]
[Black "Lakatos, Tamas"]
[Result "1-0"]
[WhiteElo "1844"]
[BlackElo "1581"]
[PlyCount "107"]
[EventDate "2014.??.??"]

1. e4 c6 2. d4 d5 3. Nc3 dxe4 4. Nxe4 Bf5 5. Ng3 Bg6 6. Nf3 Nd7 7. Nh4 e6 8.
Nxg6 hxg6 9. Bc4 Ngf6 10. Be3 Qc7 11. Qe2 Nd5 12. Bxd5 cxd5 13. Qd2 Rc8 14. c3
Nb6 15. Bf4 Bd6 16. Bxd6 Qxd6 17. Qc2 Qf4 18. Qd2 Qxd2+ 19. Kxd2 Nc4+ 20. Kc2
b5 21. b3 Nd6 22. Kd3 Ke7 23. a4 Ne4 24. Nxe4 dxe4+ 25. Kd2 bxa4 26. Rxa4 Rc7
27. h3 Rhc8 28. c4 Rd7 29. Kc3 e5 30. Rd1 Rcd8 31. d5 Rc8 32. Re1 f5 33. f3
Rxd5 34. Rxa7+ Kf6 35. fxe4 fxe4 36. Rxe4 Rd1 37. Ra5 Rcd8 38. Raxe5 R1d3+ 39.
Kb4 Rb8+ 40. Rb5 Rc8 41. Rg4 Rc6 42. Rb7 Re6 43. Rf4+ Kg5 44. Rf2 Ree3 45. Rb5+
Kh6 46. Rb2 Re1 47. c5 Rc1 48. Ka5 Rdc3 49. b4 g5 50. Rb7 Kg6 51. Rf2 Ra1+ 52.
Kb5 Rca3 53. c6 Ra8 54. Rc2 1-0

[Event "95839 X. Rakosmente Open"]
[Site "Budapest, Hungary"]
[Date "2014.06.01"]
[Round "5.10"]
[White "Csiki, Endre"]
[Black "Firnigel, Janos"]
[Result "0-1"]
[WhiteElo "1532"]
[BlackElo "1733"]
[PlyCount "116"]
[EventDate "2014.??.??"]

1. Nf3 Nf6 2. g3 b6 3. Bg2 Bb7 4. O-O g6 5. d3 d6 6. e4 Nbd7 7. Ne1 h5 8. f4 e6
9. Nc3 Bg7 10. Bh1 Ng4 11. h3 Bd4+ 12. Kg2 Nh6 13. Nf3 Bg7 14. Kg1 a6 15. a4
Qe7 16. Be3 c5 17. Nd2 f5 18. exf5 Nxf5 19. Bf2 Bxh1 20. Kxh1 h4 21. g4 Ng3+
22. Bxg3 hxg3 23. Kg2 O-O-O 24. Qf3 d5 25. Rae1 Bxc3 26. bxc3 Qf6 27. c4 Nb8
28. a5 Qc3 29. Qd1 Rd6 30. cxd5 exd5 31. axb6 Rxb6 32. Nb3 a5 33. Qd2 Qxd2+ 34.
Nxd2 Rb2 35. Rc1 a4 36. Kxg3 Nc6 37. Rf2 Nb4 38. Nb1 d4 39. Na3 Kd7 40. Nc4 Ra2
41. f5 gxf5 42. gxf5 Rg8+ 43. Kh2 Nxd3 44. Rcf1 Nxf2 45. Rxf2 Ra1 46. f6 Ke6
47. Nd2 a3 48. Ne4 a2 49. Ng5+ Kd5 50. f7 Rf8 51. Rf5+ Kc4 52. Ne6 Rxf7 53.
Rxf7 Rh1+ 54. Kxh1 a1=Q+ 55. Kh2 Qe1 56. Nf4 Qf2+ 57. Kh1 Qxc2 58. Ne6 Qe4+ 0-1

[Event "95839 X. Rakosmente Open"]
[Site "Budapest, Hungary"]
[Date "2014.06.01"]
[Round "5.12"]
[White "Pozsonyi, Istvan"]
[Black "Csomor, Gabor"]
[Result "1-0"]
[WhiteElo "2016"]
[BlackElo "1714"]
[PlyCount "83"]
[EventDate "2014.??.??"]

1. d4 d5 2. c4 c6 3. Nf3 Nf6 4. Nc3 e6 5. g3 h6 6. Bg2 dxc4 7. Ne5 Nbd7 8. Nxc4
Nd5 9. a4 Bb4 10. Qb3 a5 11. O-O O-O 12. Rd1 Nxc3 13. bxc3 Be7 14. e4 Ra6 15.
Bf4 Nf6 16. Rab1 Nh5 17. Be3 Nf6 18. Nb6 Ra7 19. d5 Ng4 20. dxe6 Qe8 21. exf7+
Rxf7 22. Nxc8 Nxe3 23. Nxe7+ Qxe7 24. fxe3 Kh7 25. Rf1 Rxf1+ 26. Rxf1 Qg5 27.
c4 Qc5 28. Qd3 b6 29. e5+ g6 30. e6 Qe5 31. Rf7+ Rxf7 32. exf7 Qa1+ 33. Qf1
Qxf1+ 34. Kxf1 Kg7 35. f8=Q+ Kxf8 36. Bxc6 Ke7 37. Ke2 Kd6 38. Bb5 Ke5 39. Kf3
g5 40. g4 Kf6 41. Ke4 Ke6 42. h3 1-0

[Event "95839 X. Rakosmente Open"]
[Site "Budapest, Hungary"]
[Date "2014.06.01"]
[Round "5.13"]
[White "Czimer, Jozsef"]
[Black "Di Giovanni, Vilmos"]
[Result "1/2-1/2"]
[WhiteElo "1680"]
[BlackElo "1795"]
[PlyCount "34"]
[EventDate "2014.??.??"]

1. d4 d5 2. Nf3 e6 3. e3 f5 4. c4 c6 5. Qb3 Nf6 6. Nc3 Bd6 7. Ne5 Bxe5 8. dxe5
Ne4 9. g3 Nd7 10. Nxe4 fxe4 11. cxd5 exd5 12. e6 Nc5 13. Qc3 Nxe6 14. Bh3 O-O
15. Qe5 Ng5 16. Bg2 Bh3 17. Kf1 Qf6 1/2-1/2